000 00861nam a22001817a 4500
999 _c60211
_d60211
003 Ge_BSU
005 20230619153015.0
008 230619s2007 ge ||||| |||| 00| 0 geo d
020 _a9789994093120
041 _ageo
080 _a1(479.22)(092 მამარდაშვილი, მ.) მ-23
245 _aმერაბ მამარდაშვილი :
_b [კრებული] /
_cშემდგ. და შესავალი წერილის ავტ. თეიმურაზ მთიბელაშვილი ; [რედ. მიხეილ მახარაძე].
264 _aთბილისი :
_bინტელექტი,
_c2007.
300 _a317გვ. ;
_b20სმ.
504 _aბიბლიოგრ.: გვ. 115.
653 _aმამარდაშვილი, მერაბ
942 _2udc
_cBK